| 000 | 00705cab a2200229 4500 | ||
|---|---|---|---|
| 001 | WB3312-04 | ||
| 008 | 090401t1997 xxu||||| |||| 00| 0 eng d | ||
| 035 | _a(Sirsi) u77267 | ||
| 041 | _aeng | ||
| 245 | _aAsbestos: the killer | ||
| 260 | _c1997 | ||
| 350 | _a0 | ||
| 490 |
_aYorkshire Post _v20 March 1997, 10(2) |
||
| 520 | _aLooks at the disease asbestosis,which can take 30 years to develop, and at how the number of cases is increasing. | ||
| 650 | _aMANAGEMENT-HEALTH AND SAFETY-HAZARDOUS SUBSTANCES-ASBESTOS | ||
| 650 | _aASBESTOSIS | ||
| 650 | _aHAZARDOUS SUBSTANCES | ||
| 650 | _aHEALTH RISK | ||
| 690 | _aBUILT ENVIRONMENT-BUILDING STANDARDS | ||
| 942 | _n0 | ||
| 948 | _c21/03/1997 | ||
| 999 |
_c48581 _d48581 |
||